Instituto General y Técnico de Vitoria (Record no. 81893)

MARC details
000 -LEADER
campo de control de longitud fija 00689nam a2200181 i 4500
001 - NÚMERO DE CONTROL
campo de control 81893
003 - IDENTIFICADOR DE NÚMERO DE CONTROL
campo de control ES-MaACL
005 - FECHA Y HORA DE LA ÚLTIMA TRANSACCIÓN
campo de control 20230906174531.0
007 - CAMPO FIJO DE DESCRIPCIÓN FÍSICA--INFORMACIÓN GENERAL
campo de control de longitud fija t|
008 - DATOS DE LONGITUD FIJA--INFORMACIÓN GENERAL
campo de control de longitud fija 041108s1913 sp ||||1| spa d
110 0# - ENTRADA PRINCIPAL--NOMBRE DE ENTIDAD CORPORATIVA
Nombre de entidad corporativa o nombre de jurisdicción como elemento de entrada Instituto General y Técnico de Vitoria.
9 (RLIN) 5069
245 10 - MENCIÓN DEL TÍTULO
Título Instituto General y Técnico de Vitoria
Resto del título : memoria del curso del 1912 á 1913 leída en la apertura del curso de 1913 a 1914 /
Mención de responsabilidad, etc. por Enrique Iglesias y Ejarque.
260 ## - PUBLICACIÓN, DISTRIBUCIÓN, ETC.
Lugar de publicación, distribución, etc. Vitoria :
Nombre del editor, distribuidor, etc. [s.n.],
Fecha de publicación, distribución, etc. 1913 (
Fabricante Domingo Sar)
300 ## - DESCRIPCIÓN FÍSICA
Extensión 83 p. ;
Dimensiones 25 cm.
610 24 - PUNTO DE ACCESO ADICIONAL DE MATERIA--NOMBRE DE ENTIDAD CORPORATIVA
Nombre de entidad corporativa o nombre de jurisdicción como elemento de entrada Instituto General y Técnico de Vitoria-
Subdivisión de forma Memorias.
9 (RLIN) 150702
700 0# - ENTRADA AGREGADA--NOMBRE PERSONAL
Nombre de persona Iglesias y Ejarque, Enrique.
9 (RLIN) 65144
852 ## - LOCALIZACIÓN
Ubicación ES-MaACL
Número de control de estantería T-1398-F-7
Holdings
Estatus retirado Estado de pérdida Estado de daño No para préstamo Colección Biblioteca de origen Biblioteca actual Ubicación en estantería Fecha de adquisición Fuente de adquisición Total de préstamos Signatura topográfica completa Código de barras Visto por última vez Precio de reemplazo Tipo de ítem Koha
        Colección de folletos Biblioteca del Ateneo de Madrid Biblioteca del Ateneo de Madrid Depósito folletos 17/01/2008     T-1398-F-7 1085597 23/02/2023 23/02/2023 Folleto